University Home | Library Home | Institutional Repository

Diplomatic servant : (Record no. 99247)

MARC details
000 -LEADER
fixed length control field 00565cam5a220015700 4500
005 - DATE AND TIME OF LATEST TRANSACTION
control field 20190819094349.0
008 - FIXED-LENGTH DATA ELEMENTS--GENERAL INFORMATION
fixed length control field 000225
020 ## - INTERNATIONAL STANDARD BOOK NUMBER
International Standard Book Number 9964701861
035 ## - SYSTEM CONTROL NUMBER
System control number (Sirsi) a142339
050 #0 - LIBRARY OF CONGRESS CALL NUMBER
Classification number JX1861.G5
Item number Qua 1995
100 1# - MAIN ENTRY--PERSONAL NAME
Personal name Quarm,S.E.
Linkage A112363.1
245 10 - TITLE STATEMENT
Title Diplomatic servant :
Remainder of title reflections of a pioneer in Ghana's diplomatic service /
Statement of responsibility, etc. S.E.Quarm
260 ## - PUBLICATION, DISTRIBUTION, ETC.
Place of publication, distribution, etc. Accra :
Name of publisher, distributor, etc. African Publications(Ghana),
Date of publication, distribution, etc. 1995.
350 ## - PRICE (NR) (BK AM CF MU VM SE) [OBSOLETE]
Price 25
650 #0 - SUBJECT ADDED ENTRY--TOPICAL TERM
Topical term or geographic name entry element Diplomatic and consular service -- Ghana
Geographic subdivision Diplomatic and consular service -- Ghana
Linkage S85379.1

No items available.

© 2026 - The University of Zambia Library - Koha v25.11